Vianočný denník kreatívna príprava na Vianoce

Bibliographic Details
Other Authors: Barnišinová, Eva (Compiler)
Format: Book
Language:Slovak
PhysicalDescription:56 strán ilustrácie 30 cm
Published: Košice Taktik 2023
ISBN:9788081805288
Edition:1. vydanie
Subjects:

MARC

LEADER 00000nam a2200000 4500
001 vtls012254772
003 SK-MaSNL
005 20260302074206.0
008 240417s2023 xo a j 000 0 slo
015 |a SNBA2024/04 
020 |a 9788081805288  |q (brožované) 
040 |a SNK  |b slo  |c SNK  |e rda 
041 0 |a slo 
044 |a xo  |c SK 
072 7 |a 398  |x Folklór. Ľudové tradície  |2 konspekt 
072 7 |a 0/9-053.2  |x Literatúra pre deti a mládež (náučná)  |2 konspekt 
080 |a 398.332.416  |2 2011 
080 |a 379.82/.84  |2 2011 
080 |a (076.1)  |2 2011 
080 |a (0.053.2)  |2 2011 
245 0 0 |a Vianočný denník  |b kreatívna príprava na Vianoce 
250 |a 1. vydanie 
264 1 |a Košice  |b Taktik  |c 2023 
300 |a 56 strán  |b ilustrácie  |c 30 cm 
336 |a text  |b txt  |2 rdacontent 
336 |a statický obraz  |b sti  |2 rdacontent 
337 |a bez média  |b n  |2 rdamedia 
338 |a zväzok  |b nc  |2 rdacarrier 
500 |a Názov z obálky 
650 0 7 |a Vianoce  |2 SNKPH  |9 3412 
650 0 7 |a vianočné zvyky  |2 SNKPH  |9 69817 
650 0 7 |a zručnosti a znalosti  |2 SNKPH  |9 74214 
650 0 7 |a Christmas  |2 SNKPHeng  |9 304887 
650 0 7 |a Christmas customs  |2 SNKPHeng  |9 360814 
650 0 7 |a Ability and knowledge  |2 SNKPHeng  |9 302421 
655 7 |a pracovné zošity  |2 SNKPH  |9 70188 
655 7 |a publikácie pre deti  |2 SNKPH  |9 70148 
655 7 |a Activity books  |2 SNKPHeng  |9 302885 
655 7 |a Publications for children  |2 SNKPHeng  |9 276792 
700 1 |a Barnišinová, Eva  |4 red  |4 com  |9 266947 
700 1 |a Pirová, Dominika  |4 red  |9 438131 
700 1 |a Sokoliová, Alexandra  |4 bkd  |9 625222 
852 |a Slovenská národná knižnica 
919 |a 978-80-8180-528-8 
954 |a iná literatúra (príručky, kuchárske knihy, hobby literatúra, sprievodcovia) pôvodná (slovenská)  |2 lita 
999 |c 1164046  |d 1165976 
952 |a SNK  |b SNK  |y PREZ  |7 0  |p 17A1546365  |o snkOSB 21412  |i snk2024/6044  |8 0  |0 0  |1 0  |4 0  |d 2024-04-17  |l 0  |r 2026-02-24 20:43:40  |w 2026-02-24